|
|
|
|
| LEADER |
01120nab#a2200373#ar4500 |
| 001 |
000103460 |
| 003 |
SVKKK |
| 005 |
20101227105931.0 |
| 008 |
080509c2010 xo |||||||||||||||b|eng |
| FMT |
|
|
|
| 015 |
|
|
|a SNBRB2010/12
|
| 038 |
|
|
|a SVKKK
|
| 040 |
|
|
|a SVKKK
|b slo
|e AACR2
|
| 041 |
0 |
|
|a eng
|b eng
|
| 044 |
|
|
|a xo
|c SK
|
| 080 |
|
|
|a 622.51
|2 1997
|
| 080 |
|
|
|a 631.461.7
|2 1997
|
| 100 |
1 |
|
|a Pállová, Zuzana
|4 aut
|
| 242 |
1 |
0 |
|a Mobilizácia kovov zo sedimentov kyslých banských vôd vo vzťahu k bakteriálnej rdukcii železa
|
| 245 |
1 |
0 |
|a Metal mobilization from AMD sediments in connection with bacterial iron reduction
|c Zuzana Pállová, Daniel Kupka, Marcela Achimovičová
|
| 300 |
|
|
|b Obr.
|
| 504 |
|
|
|a Bibliogr. odkazy
|
| 546 |
|
|
|a Res. angl.
|
| 650 |
0 |
4 |
|a kyslé banské vody
|x acidofilné baktérie
|x redukcia železa
|
| 700 |
1 |
|
|a Kupka, Daniel
|4 aut
|
| 700 |
1 |
|
|a Achimovičová, Marcela
|4 aut
|
| 773 |
0 |
|
|t Mineralia slovaca
|g Roč. 42, č. 3 (2010), s. 343-347
|x 0369-2086
|
| 958 |
|
|
|a NB
|
| 974 |
|
|
|a Ni
|
| 992 |
|
|
|a RBX
|
| BAS |
|
|
|
| 852 |
|
|
|a SVKKK
|b BIB
|
| EXP |
|
|
|
| 998 |
|
|
|a GEO
|